000 00730cam a22002651 4500
001 8844338
003 BDDh-ASL
005 20231015031343.0
008 780921s1952 nyua 000 0 eng
010 _a 52028626
035 _a(OCoLC)4243053
040 _aDLC
_cBDDh-ASL
_dDLC
041 _aeng
042 _apremarc
050 0 0 _aND552
_b.W4
082 _a927.5
_bWEL
100 1 _aWechsler, Herman Joel,
_d1904-
245 1 0 _aLives of famous French painters, from Ingres to Picasso.
260 _aNew York,
_bPocket Books
_c[1952]
300 _a208 p.
_billus.
_c16 cm.
490 0 _aA Cardinal ed.,
_vC-28
650 0 _aPainters
_zFrance.
906 _a7
_bcbc
_coclcrpl
_du
_encip
_f19
_gy-gencatlg
942 _2ddc
_cBK
999 _c32120
_d32120